000
00303nam a22001097a 4500
008
160423b xxu||||| |||| 00| 0 eng d
020
_a
9780323079334
041
_a
eng
080
_a
618.2
245
_a
Fundamentals of nursing:
_c
Patrica A.Potter; Anne Griffin Perry; Patricia A. Stocker;
942
_2
udc
_c
BK
999
_c
1535
_d
1535